Historical Figures as Video Game Characters #1 - Statistics

General Stats
  • This quiz has been taken 39 times
  • The average score is 15 of 20
Answer Stats
Picture Answer % Correct
Cleopatra
100%
Donald Trump
100%
Muhammad Ali
100%
Albert Einstein
97%
Mohandas Gandhi
97%
Neil Armstrong
97%
Joseph Stalin
94%
Elton John
91%
Nelson Mandela
91%
Princess Diana
89%
Michelle Obama
83%
Mother Teresa
83%
Fidel Castro
74%
Henry VIII
74%
Margaret Thatcher
69%
Mao Zedong
63%
Charles Darwin
54%
Idi Amin
37%
Carmen Miranda
26%
Shaka
26%
No matching quizzes found
Score Distribution
Percent of People with Each Score
Percentile by Number Answered
Your Score History
You have not taken this quiz